000 01009cam a2200325 4500
008 020731n2002 000 0 eng u
020 _a0860175626
035 _a(Sirsi) u119118
050 _a622.15
100 _aMcDowell, P.
245 _aGeophysics in engineering investigations
260 _aLondon
_bCIRIA
_bGeological Society
_c2002
300 _a252p.
_bill.
_c30cm.
350 _a70
490 _aCIRIA Publication
_vC562
490 _aGeological Society Engineering Geology Special Publication
520 _aPresents a logical guide to site characterisation using geophysical methods. Considers the procurement, management and reporting frameworks for such projects
650 _aGEOPHYSICS
650 _aSITE INVESTIGATION
690 _aGEOMATICS
_96242
700 _aBarker, R.
700 _aButcher, A.
700 _aCulshaw, M.
700 _aJackson, P.
700 _aMcCann, D.
700 _aSkipp, B.
700 _aMatthews, S.
700 _aArthur, J.
942 _n0
999 _c102257
_d102257